000 00651cam a2200241 4500
001 D7282
008 090401t1984 xxu||||| |||| 00| 0 eng d
035 _a(Sirsi) u6457
041 _aeng
050 _a690.241026
100 _aMynors, Charles
245 _aUrban conservation and historic buildings : guide to the legislation.
260 _aLondon
_bArchitectural Press
_c1984
300 _aix,118p. ; 30cm.
350 _a14.5
650 _aHISTORIC BUILDINGS
650 _aLAW
650 _aURBAN CONSERVATION
690 _aCONSERVATION
710 _aRoyal Borough of Kensington and Chelsea
_92256
942 _n0
948 _c04/03/1997
999 _c86311
_d86311